Statistics for Largest European Cities with Exceptions - EXTREME

Click here to take the quiz!

General Stats

  • This quiz has been taken 1,137 times
  • The average score is 119 of 217

Answer Stats

RankPopulationCountryHintCity% Correct
114'026'000TurkeyOn two ContinentsIstanbul
99%
62'241'000FranceEiffel TowerParis
99%
28'673'000United KingdomTower BridgeLondon
99%
43'165'000SpainReal and AtléticoMadrid
99%
33'520'000GermanyBrandenburger TorBerlin
99%
52'642'000ItalyColosseumRome
98%
81'883'000RomaniaIn the WalachiaBucharest
97%
91'841'000AustriaSchönbrunn PalaceVienna
97%
111'759'000HungaryOriginated from the union of Pest and BudaBudapest
97%
121'744'000PolandRiver VistulaWarsaw
97%
131'602'000SpainSagrada FamiliaBarcelona
97%
141'450'000GermanyOktoberfestMunich
97%
26851'000SwedenNobel PrizeStockholm
97%
161'242'000ItalyFashion CapitalMilan
97%
181'188'000BelgiumDe facto Capital of the European UnionBrussels
97%
23962'000ItalyPizzaNaples
96%
36664'000GreeceAcropolisAthens
96%
27845'000NetherlandsCanals (Grachten)Amsterdam
96%
171'205'000BulgariaCapitalSofia
96%
71'922'000BelarusPeace agreement to halt the war in the DonbassMinsk
96%
191'181'000DenmarkLittle MermaidCopenhagen
96%
151'243'000Czech RepublicCharles BridgePrague
96%
63520'000United KingdomOld TraffordManchester
95%
42630'000FinlandCapitalHelsinki
95%
41634'000NorwayPeace Nobel PrizeOslo
95%
31733'000GermanyFinancial CapitalFrankfurt
95%
101'787'000GermanyBig Port on the River ElbeHamburg
95%
70473'000United KingdomThe BeatlesLiverpool
94%
39636'000NetherlandsBiggest Port of EuropeRotterdam
94%
25853'000FranceBiggest French city on the MediterraneanMarseille
94%
54553'000IrelandGuinnessDublin
94%
30761'000PolandSecond-largest city of PolandKraków
93%
201'167'000SerbiaGateway to the BalkansBelgrade
93%
211'101'000United KingdomMetal processingBirmingham
93%
37659'000LatviaCapitalRiga
93%
34688'000CroatiaBan-Jelačić-SquareZagreb
92%
24872'000ItalyOlympic Winter Games 2006Turin
91%
46606'000United KingdomOld FirmGlasgow
91%
71465'000United KingdomCapital of ScotlandEdinburgh
91%
221'061'000GermanyA famous CathedralCologne
91%
78430'000EstoniaCapitalTallinn
90%
80400'000SwitzerlandFinancial placeZürich
90%
28786'000SpainPaellaValencia
90%
55545'000PortugalTorre de BelémLisbon
90%
140261'000ItalyGondolaVenice
89%
45610'000AlbaniaSkanderbegTirana
89%
29766'000United KingdomRoyal Armouries MuseumLeeds
89%
33697'000SpainAndalusiaSeville
89%
58540'000LithuaniaJewish influenceVilnius
89%
82395'000Bosnia and HerzegovinaWhere Franz Ferdinand was assassinatedSarajevo
88%
73462'000SlovakiaCapitalBratislava
87%
90358'000ItalyBirthplace of RenaissanceFlorence
87%
95344'000FranceCôte d' AzurNice
86%
67496'000FranceGastronomyLyon
86%
62524'000NetherlandsSeat of the Dutch GovernmentThe Hague
86%
38658'000ItalyCosa NostraPalermo
85%
94346'000United KingdomCapital of WalesCardiff
85%
44612'000GermanyMost important airport of the Ruhr areaDüsseldorf
84%
102333'000United KingdomWhere the Titanic was builtBelfast
84%
43624'000GermanyMercedes-BenzStuttgart
83%
72462'000PolandPolands principal seaportGdansk
83%
66507'000MacedoniaCapitalSkopje
83%
74461'000BelgiumDiamondsAntwerp
82%
93347'000SpainGuggenheim MuseumBilbao
82%
56544'000GermanyFrauenkirche (destroyed in WWII)Dresden
82%
166238'000PortugalPort WinePorto
82%
68493'000MoldovaCapitalChisinau
80%
65510'000GermanyTrials against NazisNuremberg
80%
47586'000ItalyRivieraGenoa
79%
126290'000United KingdomTyne BridgeNewcastle-upon-Tyne
79%
214200'000SwitzerlandCERNGeneva
78%
108319'000GermanyCapital of West Germany until 1990Bonn
77%
122294'000SwedenØresund BridgeMalmö
77%
86371'000ItalyTortellini / Mortadella / Bolognese sauceBologna
77%
163241'000FranceWineBordeaux
77%
48586'000GermanyA famous soccer club (Borussia...)Dortmund
75%
50567'000SpainCosta del SolMálaga
75%
64517'000SwedenVolvoGothenburg
74%
110318'000United KingdomRobin HoodNottingham
73%
51563'000United KingdomSnookerSheffield
73%
53557'000GermanyRiver WeserBremen
73%
59532'000GermanyQueen Victoria was the last Queen of this HouseHanover
73%
49583'000GermanyZeche ZollvereinEssen
72%
133275'000SloveniaCapitalLjubljana
71%
81400'000SpainMallorcaPalma de Mallorca
70%
112315'000GreeceWhite TowerThessaloniki
69%
134274'000FranceCouncil of EuropeStrasbourg
69%
75453'000FranceOccitanieToulouse
69%
76449'000United KingdomRiver AvonBristol
68%
52560'000GermanyVölkerschlachtdenkmalLeipzig
68%
35666'000SpainCathedral-Basilica of Our Lady of the PillarZaragoza
66%
32700'000PolandNational Film SchoolLódz
66%
147253'000United KingdomWhere the RMS Titanic started her maiden voyageSouthampton
65%
130278'000NorwayStarting point of the HurtigrutenBergen
65%
192211'000KosovoCapitalPristina
63%
173229'000FranceGrand' placeLille
63%
111316'000ItalyCapital of ApuliaBari
63%
141260'000ItalyRomeo and JulietVerona
62%
124291'000FrancePays de la LoireNantes
62%
98338'000United KingdomChampions of the Premier League 2016Leicester
61%
118300'000PolandMain city in Upper SilesiaKatowice
60%
84378'000Czech RepublicSeat of judicial authorityBrno
60%
167237'000SpainLast Muslim city in Spain (until 1492)Granada
59%
96342'000NetherlandsDom TowerUtrecht
59%
165239'000United KingdomWales' second largest citySwansea
58%
116306'000GermanyCity of the squaresMannheim
57%
135274'000AustriaCapital of Styria (Steiermark)Graz
56%
40636'000PolandStary Ratusz (Town Hall)Wroclaw
56%
170233'000BelgiumGentse FeestenGhent
55%
205205'000United KingdomThere's a newer, greater one in the USAYork
54%
159243'000DenmarkBiggest Containerterminal of DenmarkAarhus
53%
174229'000United KingdomSilver cityAberdeen
53%
129281'000United KingdomPierBrighton
53%
105331'000BelarusNot to be confused with the westernmost city of FranceBrest
52%
83382'000SpainGran CanariaLas Palmas
52%
139262'000United KingdomMayflowerPlymouth
51%
175226'000NetherlandsPhilipsEindhoven
51%
121294'000ItalyMount EtnaCatania
50%
104332'000SpainSanta Bárbara CastleAlicante
49%
57542'000PolandSaint Martin's CroissantsPoznań
48%
106328'000SpainWarmest summer temperaturesCórdoba
47%
107325'000RomaniaGheorghe FunarCluj-Napoca
46%
156246'000GermanySailing eventsKiel
46%
101335'000BulgariaLargest city on the Bulgarian Black Sea CoastVarna
46%
157246'000GermanyNear the borders with Belgium and the NetherlandAachen
45%
210201'000AustriaFamous Austrian torteLinz
44%
212201'000United KingdomSpinnaker TowerPortsmouth
43%
77440'000SpainEurope's orchardMurcia
43%
144258'000United KingdomThe DeepKingston-upon-Hull
43%
193210'000France"The most livable city in France"Rennes
43%
207202'000ItalyClose to Croatia with an important portTrieste
43%
138268'000FrancePlace de la comédieMontpellier
42%
158245'000SpainHercules TowerA Coruña
41%
103333'000GermanyThere's a conspiracy that this city doesn't existBielefeld
40%
120295'000SpainGaliciaVigo
39%
117304'000LithuaniaLaisves alejaKaunas
39%
69491'000GermanyEurope's biggest inland harborDuisburg
39%
176226'000Finland"Manchester of Finland"Tampere
38%
115307'000SpainCastile and LeónValladolid
38%
149251'000United KingdomThe PotteriesStoke-on-Trent
37%
100337'000United KingdomNo other UK-City is further away from the coastCoventry
36%
99338'000BulgariaRemains from AntiquityPlovdiv
36%
97341'000PolandCracow GateLublin
36%
153250'000SerbiaPetrovaradin FortressNovi Sad
36%
127286'000GermanyFugger cityAugsburg
34%
89360'000GermanySuspension RailwayWuppertal
34%
113310'000GermanyTreaty of WestphaliaMünster
34%
114308'000GermanyFederal Consitutional CourtKarlsruhe
33%
204206'000GermanyWarnemündeRostock
32%
119296'000Czech RepublicCoal-miningOstrava
32%
143260'000GermanyA german team (Borussia...)Mönchengladbach
32%
203206'000ItalyGalileo GalileiPadua
31%
79406'000PolandDucal CastleSzczecin
31%
177226'000GermanyBlack ForestFreiburg im Breisgau
30%
211201'000NetherlandsMartinitorenGroningen
30%
187216'000GermanyHolstentorLübeck
30%
128284'000RomaniaLargest city on the Romanian Black Sea CoastConstanta
30%
136270'000FinlandHelsinki suburbEspoo
30%
60528'000United KingdomAlhambraBradford
30%
196210'000GermanyZDFMainz
30%
61527'000BelarusRadioactive ContaminationGomel
29%
88365'000GermanyIn the Ruhr areaBochum
29%
160243'000ItalyOn Sicily but close to the Italian mainlandMessina
29%
109319'000RomaniaOrthodox CathedralTimisoara
28%
142260'000GermanySchalke 04 plays hereGelsenkirchen
28%
164241'000SlovakiaSlovak Constitutional CourtKosice
26%
169236'000GermanyCapital of Saxony-AnhaltMagdeburg
26%
132276'000SpainDisgrace of the World Cup 1982Gijon
26%
209201'000BelgiumMuseum of Fine ArtsCharleroi
24%
154249'000GermanyFormerly called Karl-Marx-StadtChemnitz
24%
206203'000HungaryCapital of Hungary 1944-45Debrecen
23%
151250'000PolandHeadquarter of the Polish NavyGdynia
23%
194210'000United KingdomA London airportLuton
23%
146253'000United KingdomSt. Peter's Collegiate ChurchWolverhampton
22%
155248'000United KingdomCentre for advanced transport manufacturingDerby
22%
150251'000GermanyIn English, it is sometimes called BrunswickBraunschweig
22%
125290'000RomaniaClose to MoldovaIasi
21%
123294'000PolandCentre of a Belorussian minorityBialystok
20%
217200'000Bulgaria2012 bus bombingBurgas
20%
180224'000SpainCapital of AsturiasOviedo
18%
190212'000SpainFlamenco and SherryJerez de la Frontera
18%
131276'000GermanySpa townWiesbaden
18%
195210'000GermanyKrämerbrückeErfurt
18%
199207'000SpainTenerifeSanta Cruz de Tenerife
18%
215200'000Italy"The Spartan City"Taranto
17%
184216'000SpainThe name means "New Carthage"Cartagena
17%
145254'000SpainBarcelona's neighbourL' Hospitalet de Llobregat
17%
168237'000GermanyMarktkirche Unser Lieben FrauenHalle
16%
182220'000United KingdomAll Saints' ChurchNorthampton
16%
213201'000AlbaniaImportant port for traveling to ItalyDurrës
16%
148253'000RomaniaBiserica NeagraBrasov
15%
91357'000BelarusNew CastleGrodno
15%
92356'000PolandPogroms against National-GermansBydgoszcz
15%
189214'000NetherlandsTesla MotorsTilburg
14%
87367'000BelarusSlavianski BazaarVitebsk
14%
171230'000SpainCosta BlancaElche
13%
85374'000BelarusConvent of St. NicholasMogilev
12%
161242'000SpainEuropean Green CapitalVitoria-Gasteiz
12%
162242'000PolandJana Góra MonasteryCzestochowa
11%
186216'000FinlandHelsinki suburbVantaa
11%
152250'000RomaniaRiver DanubeGalati
10%
191211'000GermanyGasometerOberhausen
10%
137270'000RomaniaBig UniversityCraiova
10%
183217'000SpainBarcelonas neighbourBadalona
10%
216200'000NetherlandsNewest city of the countryAlmere
9%
200207'000PolandNicolaus CopernicusTorun
8%
179225'000GermanyVelvet and silk cityKrefeld
7%
202206'000PolandLimestone miningKielce
6%
178225'000PolandAir ShowRadom
6%
198207'000SpainSuburb of BarcelonaSabadell
6%
185216'000SpainCastle of VallparadísTerrassa
4%
208201'000SpainMadrid suburbAlcalá de Henares
4%
181223'000PolandKatowice suburbSosnowiec
4%
197210'000RomaniaPrahova ValleyPloiesti
4%
172230'000TurkeyEmlak KonutlariCorlu
3%
201206'000SpainIker CasillasMóstoles
3%
188215'000BelarusLenin SquareBobruysk
2%

Score Distribution

Percentile by Number Answered

Percent of People with Each Score

Your Score History

You have not taken this quiz